00636nam a2200217Ia 450000500170000000800410001704000190005804100120007708200130008910000140010224500500011626000350016630000170020150400190021865000180023770000230025585000100027894200070028899900170029595201060031220230120135748.0131103s9999 xx 000 0 und d aLoreto College aEnglish a844bMON aMontaigne aEssayscMontaigne ; translated by John Florio aLondonbThe Gresham c[19 - ?] axiii,458 p.  aIncludes notes aFrench essays aFlorio, John ; tr. aLCLIB cBK c24037d74516 00102ddc4070aMAINbMAINd2013-11-04l1o844 MONpB26721r2022-09-16s2022-09-14w2013-11-04yBKf